| 000 | 02701nam a22002537a 4500 | ||
|---|---|---|---|
| 005 | 20250611114417.0 | ||
| 008 | 250611b |||||||| |||| 00| 0 eng d | ||
| 020 | _a9781032008158 | ||
| 040 |
_aCSL _cCSL |
||
| 041 |
_2eng _aeng |
||
| 084 |
_aC84:(G) R2 _qCSL |
||
| 245 |
_aRenewable Energy and Green Technology _b: Principles and Practices |
||
| 260 |
_aBoca Raton: _bCRC Press, _c2022. |
||
| 300 |
_ax, 186p. _b: col. ill. _c; 26 cm. |
||
| 520 | _aRenewable Energy and Green Technology: Principles and Practices is based on the present need to understand the principles and utility of renewable energy and green technology to minimize dependency on fossil fuels in global development. Renewable energy is the best and cheapest source of energy as an alternate resource. There is massive potential for renewable energy globally, including in India. The efficient utilization of renewable energy resources could minimize the impact of climate change globally. Generally, renewable energy is generated from essentially inexhaustible sources, including wind power, solar power, geothermal energy, tidal energy, biomass energy, and other sources. Hence, encouraging renewable energy use could save our tomorrow from the climate change perspective and in terms of sustainable food production. This book promotes the exchange of ideas, policy formulation, and collective action to ensure a smooth transition to renewable energy. It describes the technological interventions for reducing environmental and economic damage resulting from the use of conventional energy sources. In this book, the focus is on utilizing various renewable energy sources in diverse sectors. It also elaborates the descriptive methodology of different renewable energies, accompanied by figures and tables. It provides information on biogas energy plants, gasifier technologies, and hydropower technologies, among others, along with their applications. Further, it delves into energy concepts and details significant advantages of the energy resources for sustaining the future world. Lastly, this book will provide instant access to comprehensive, cutting-edge knowledge, making it possible for academicians and researchers to utilize this ever-growing wealth of information. | ||
| 650 |
_aRenewable energy sources _9714632 |
||
| 650 |
_aGreen technology _9812573 |
||
| 650 |
_aEnvironmental protection—Technological innovations _9812574 |
||
| 650 |
_aSustainable development _9438223 |
||
| 700 |
_aKumar, Narendra _eeditor. |
||
| 700 |
_aSingh, Hukum _eeditor. _9812575 |
||
| 700 |
_aKumar, Amit _eeditor. _9423084 |
||
| 942 |
_2CC _n0 _cTEXL _hC84:(G) R2 |
||
| 999 |
_c1431600 _d1431600 |
||